000 00679nam a2200181 a 4500
005 20231212103500.0
008 220420s1993 ||||||||||||||||| || u
040 _aMakerere classification system
_ccbuLib
_dcbuLib
_erda
050 _aCBU(02)1993/3
110 _aCopperbelt University
245 1 0 _aProceedings of the installation of the second Chancellor of the university and the second graduation ceremonies, 24th April, 1993
_c/by The Copperbelt University
260 _aKitwe
_bCopperbelt University
_c1993
300 _aiv, 33 pages : illustrations
504 _6includes Bibliography
650 _aGRADUATION CEREMONIES
650 _aGRADUATION SPEECHES
942 _c023
999 _c77206
_d77206